La bolsa en el mercado de valores de México y su ambiente empresarial (Record no. 7617)

MARC details
000 -CABECERA
campo de control de longitud fija 00863nam a2200253 a 4500
001 - NÚMERO DE CONTROL
campo de control BRCA_7948
005 - FECHA Y HORA DE LA ÚLTIMA TRANSACCIÓN
campo de control 20190320210051.0
008 - DATOS DE LONGITUD FIJA--INFORMACIÓN GENERAL
campo de control de longitud fija 100314s1973----mx-abc#f##---#000-0#spa-#
041 ## - CÓDIGO DE LENGUA
Código de lengua del texto/banda sonora o título independiente spa
044 ## - CÓDIGO DEL PAÍS DE LA ENTIDAD EDITORA/PRODUCTORA
Código MARC del país mx
050 #4 - SIGNATURA TOPOGRÁFICA DE LA BIBLIOTECA DEL CONGRESO
Número de clasificación HG5162
Número de documento/Ítem .L34 1973
100 1# - ENTRADA PRINCIPAL--NOMBRE DE PERSONA
Nombre de persona Lagunilla Iñarritu, Alfredo
9 (RLIN) 19693
245 10 - MENCIÓN DE TÍTULO
Título La bolsa en el mercado de valores de México y su ambiente empresarial
Mención de responsabilidad, etc. Alfredo Lagunilla Iñarritu.
260 ## - PUBLICACIÓN, DISTRIBUCIÓN, ETC.
Lugar de publicación, distribución, etc. México
Nombre del editor, distribuidor, etc. Bolsa de Valores de México
Fecha de publicación, distribución, etc. 1973
300 ## - DESCRIPCIÓN FÍSICA
Extensión 1 v.
Otras características físicas il. a color, tablas, mapas
Dimensiones 30 cm.
440 #0 - MENCIÓN DE SERIE/PUNTO DE ACCESO ADICIONAL--TÍTULO
Título Colección Historia de la Bolsa en México
Número de parte o sección de la obra I
9 (RLIN) 19694
500 ## - NOTA GENERAL
Nota general La biblioteca tiene : v.1, 1895-1933
500 ## - NOTA GENERAL
Nota general 3105
504 ## - NOTA DE BIBLIOGRAFÍA, ETC.
Nota de bibliografía, etc. Bibliografía p.369-371
650 14 - PUNTO DE ACCESO ADICIONAL DE MATERIA--TÉRMINO DE MATERIA
Término de materia o nombre geográfico como elemento de entrada Bolsa de valores
Subdivisión de forma Ambiente empresarial
Subdivisión geográfica México
9 (RLIN) 19695
650 14 - PUNTO DE ACCESO ADICIONAL DE MATERIA--TÉRMINO DE MATERIA
Término de materia o nombre geográfico como elemento de entrada Mercado de valores
Subdivisión geográfica México
9 (RLIN) 10923
902 ## - CATALOGADOR
Iniciales GFM
942 ## - ELEMENTOS DE PUNTO DE ACCESO ADICIONAL (KOHA)
Fuente del sistema de clasificación o colocación Library of Congress Classification
Tipo de ítem Koha Libros
Holdings
Estado de retiro Estado de pérdida Estado dañado No para préstamo Localización permanente Ubicación/localización actual Fecha de adquisición Número de inventario Total de préstamos Signatura topográfica completa Código de barras Fecha visto por última vez Precio válido a partir de Tipo de ítem Koha
El ejemplar forma parte de la colección y puede ser consultado según las políticas vigentes.       Biblioteca del Museo Franz Mayer (Rogerio Casas-Alatriste) Biblioteca del Museo Franz Mayer (Rogerio Casas-Alatriste) 10/03/2014 3105   HG5162 .L34 1973 (3105) 8559 22/03/2019 22/03/2019 Libros